000 00323nam a2200145Ia 4500
003 OSt
008 191201s2013 xx 000 0 und d
082 _a822.33
_bWHJ
100 _aWHITEHEAD ,Dan
245 0 _aJulius Caesar
260 _bKalyani Navyug
_c2013
300 _a105
650 _aGeneral Books
942 _2ddc
_cBK
999 _c6760
_d6760